00534nam a2200181Ia 450000500170000000800410001702000140005804000190007204100120009108200160010310000190011924501030013826000430024130000110028450400290029565000180032485000100034220230103143304.0131103s9999 xx 000 0 und d a710080336 aLoreto College aEnglish a822.09bPOT aPotter, Robert 4aThe English morality playb origins, history and influence of a dramatic tradition cRobert Potter aLondonbRoutledge and Kegan Paulc1975 a285p.  aIncludes notes and index aEnglish drama aLCLIB